The complete sonnets, songs and poems of William Shakespeare

Sparad:
Bibliografiska uppgifter
Huvudupphovsman: Shakespeare, William (Författare, medförfattare)
Materialtyp: Bok
Språk:engelska
Publicerad: Nueva York Washington Square Press 1951
Ämnen:
Taggar: Lägg till en tagg
Inga taggar, Lägg till första taggen!

MARC

LEADER 00000nam a2200000 a 4500
001 UCQ3957
003 CL-VaPUC
008 980828e19510000US |||||||||||||||||eng|d
082 0 4 |a 821  |b SHA  |2 21 
100 |a Shakespeare, William  |e author  |9 265757 
245 1 4 |a The complete sonnets, songs and poems of William Shakespeare 
300 |a 326 p 
942 |c BK 
945 |d 19980828 00:00:00  |a crobeson 
260 |a Nueva York  |b Washington Square Press  |c 1951 
650 0 |a Poesías inglesas  |9 265094 
650 0 |a Literatura estadounidense  |9 317168 
583 |a last modification  |c 19980828 00:00:00  |k Rodrigo Vera 
999 |c 274467  |d 274465 
952 |0 0  |1 0  |4 0  |6 821_000000000000000_SHA_1951  |7 0  |8 A  |9 310633  |a BIBEDU  |b BIBEDU  |d 2019-11-20  |i 1460099  |l 1  |o 821 SHA 1951  |p 1460099  |r 2023-09-26  |s 2023-09-21  |w 2019-11-20  |y BK  |k LIT